Értesités
Správa o prijímačkách na učňovku v Humennom (ipari és kereskedőtanonc iskola) v školskom roku 1912/1913, ktoré sa uskutočnia v dňoch 18.-20. septembra 1912.
| Médium: | Článok |
|---|---|
| Jazyk: | Hungarian |
| Témy: | |
| Zdroj: |
1. Felvidéki Hirlap 1. Roč. 5, č. 35 (15.09.1912) s. 3 |
| LEADER | 00893nab#a2200313#ar4500 | ||
|---|---|---|---|
| 001 | 000074041 | ||
| 003 | SVKKK | ||
| 005 | 20040512xxxxxxx. | ||
| 008 | 06 c xo huno | ||
| FMT | |||
| 038 | |a SVKKK | ||
| 040 | |a SVKKK |b slo |e AACR2 | ||
| 041 | 0 | |a hun | |
| 044 | |a xo |c SK | ||
| 080 | |a 373.5/.6 | ||
| 080 | |a 377 | ||
| 242 | 1 | 0 | |a Oznam |
| 245 | 0 | 0 | |a Értesités |
| 500 | |a mikrofilm | ||
| 520 | 2 | |a Správa o prijímačkách na učňovku v Humennom (ipari és kereskedőtanonc iskola) v školskom roku 1912/1913, ktoré sa uskutočnia v dňoch 18.-20. septembra 1912. | |
| 650 | 0 | 4 | |a učňovka, Humenné - školský rok 1912/1913 - zápis - Humenné - 18.-20.09.1912 - oznam |
| 773 | 0 | |t Felvidéki Hirlap |g Roč. 5, č. 35 (15.09.1912) s. 3 | |
| 957 | |a Humenné | ||
| 958 | |a DG | ||
| 958 | |a SK | ||
| 974 | |a Ba |d 20040512 | ||
| 992 | |a RBX | ||
| BAS | |||
| 998 | |a RETRO | ||